Modelovanie a optimalizácia prevádzky laboratórnej membránovej separácie

Na minha lista:
Detalhes bibliográficos
Autor principal: Gömöry, Martin (Author)
Outros Autores: Paulen, Radoslav (Thesis advisor)
Formato: Manuscrito Livro
Idioma:eslovaco
Publicado em: 2021
Assuntos:
Acesso em linha:http://is.stuba.sk/zp/portal_zp.pl?podrobnosti=157524
Tags: Adicionar Tag
Sem tags, seja o primeiro a adicionar uma tag!

MARC

LEADER 00000ntm a22000003a 4500
001 stuzp83460
003 SK-STU
005 20210605210319.6
007 ta
008 150427s2015----xo-----f-mn---000-0-slo-d
040 |a STU  |b slo 
041 0 |a slo 
100 1 |a Gömöry, Martin  |u 047220  |4 aut  |U FCHPT Ústav informatizácie, automatizácie a matematiky  |T FCHPT Oddelenie informatizácie a riadenia procesov  |X 86640  |U C7220  |Y 121  |7 86640 
242 0 1 |a Modelling and optimal operation of a laboratory membrane separation  |y eng 
245 1 0 |a Modelovanie a optimalizácia prevádzky laboratórnej membránovej separácie 
260 |c 2021 
650 4 |a vsádzková ultrafiltrácia  |2 slo 
650 4 |a membránové procesy  |2 slo 
650 4 |a dynamická optimalizácia  |2 slo 
650 4 |a membrane processes  |2 eng 
650 4 |a batch ultrafiltration  |2 eng 
650 4 |a dynamic optimization  |2 eng 
700 1 |a Paulen, Radoslav  |u 047220  |k Z1  |4 ths  |U FCHPT Ústav informatizácie, automatizácie a matematiky  |T FCHPT Oddelenie informatizácie a riadenia procesov  |X 22507  |U C7220  |Y 121  |7 A000022507 
856 4 |u http://is.stuba.sk/zp/portal_zp.pl?podrobnosti=157524